Η σοσιαλιστική εργατική ομοσπονδία Θεσσαλονίκης (Φεντερασιόν) και η σοσιαλιστική νεολαία : τα καταστατικά τους

Αποθηκεύτηκε σε:
Λεπτομέρειες βιβλιογραφικής εγγραφής
Κύριος συγγραφέας: Λιάκος, Αντώνης, 1947-
Μορφή: Βιβλίο
Γλώσσα:Greek
Δημοσίευση: Θεσσαλονίκη : Παρατηρητής, 1985,
Θέματα:
Ετικέτες: Προσθήκη ετικέτας
Δεν υπάρχουν, Καταχωρήστε ετικέτα πρώτοι!

MARC

LEADER 00000cam a2200000 i 4500
001 1/89506
008 961202s1985 gr | ||| |||| ||gre||
035 |l 10007230 
040 |a GR-MY-UA  |b gre  |e aacr 
041 0 |a gre 
082 7 |a 331.8809495   |2 (22) 
100 1 |a Λιάκος, Αντώνης,   |d 1947- 
245 1 2 |a Η σοσιαλιστική εργατική ομοσπονδία Θεσσαλονίκης (Φεντερασιόν) και η σοσιαλιστική νεολαία :   |b τα καταστατικά τους /   |c Αντώνης Λιάκος.  
260 |a Θεσσαλονίκη :   |b Παρατηρητής,   |c 1985,  
300 |a 164 σ. ;   |c 24 εκ.  
504 |a Περιέχει βιβλιογραφία και ευρετήριο.  
650 0 |a Labor unions  |z Greece  |z Thessalonike. 
650 0 0 |a Jewish labor unions  |z Greece  |z Thessalonike. 
852 |a INST  |b LESVOS  |e 19961202  |h 331.8809495 ΛΙΑ  |p 005100008874  |q 005100008874  |t BK  |y 0 
909 |a Λ  |b 011206 
970 |z 1996/12